000 00765nam a2200241 a 4500
999 _c3779
_d3779
001 3779
003 BD-JhCC
005 20190718134014.0
008 171118s2010 bg |||| |||| 000 0 mul d
020 _a9848685553
035 _a(BD-JhCC)3779
040 _aBD-JhCC
_dBD-JhCC
041 _aBengali and English
082 _a302.2
_bRAH 2010
100 _aরহমান, এ কে এম মুজিবুর
245 _aবিশ্ববরেণ্যদের কালজয়ী ভাষণ /
_cএ কে এম মুজিবুর রহমান.
260 _aঢাকা :
_bঅন্যপ্রকাশ,
_c2010
300 _a291 . :
_c21 cm.
650 _aSpeech
650 _aPublic Speaking
942 _2ddc
_cBK
_02